| 000 | 01070nas a2200337 4500 | ||
|---|---|---|---|
| 001 | BR2013005150 | ||
| 003 | BR-BrBNA | ||
| 005 | 20231205122611.0 | ||
| 007 | ta | ||
| 008 | 230509b bl.|||p| |||| 00| 00por d | ||
| 040 |
_aBR-BrBNA _bpor _cBiblioteca Nacional de Agricultura |
||
| 041 | _a(Pt) | ||
| 072 | _aH20; J11 | ||
| 100 | 1 | _aViana, F.M.P. | |
| 100 | 1 | _aUchôa, C.N. | |
| 100 | 1 | _aVieira, I.G.P. | |
| 100 | 1 | _aFreire, F.C.O. | |
| 100 | 1 | _aSaraiva, H.A.O. | |
| 100 | 1 | _aMendes, F.N.P. | |
| 245 | 1 | _aProcessamento mínimo, atmosfera modificada, produtos químicos e resfriaqmento no controle da podridão basal pós-colheita em frutos do coqueiro anão verde | |
| 650 | _aCOCO | ||
| 650 | _aPÓS-COLHEITA | ||
| 650 | _aDOENÇA DE PLANTA | ||
| 650 | _aPODRIDÃO | ||
| 650 | _aPROCESSAMENTO MÍNIMO | ||
| 650 | _aPRODUTO QUÍMICO | ||
| 650 | _aRESFRIAMENTO | ||
| 773 | 0 |
_tSumma Phytopathologica (Brazil) _xISSN 0100-5405 _g(Oct-Dec 2008), v. 34(4) p. 326-331 _wBR2013005150 |
|
| 909 |
_a202311 _bLúcia _c55 _dLúcia Elande |
||
| 942 |
_2AGRIS _n0 _cANA |
||
| 999 |
_c229514 _d229514 |
||